| 000 | 00957cam a2200265u 4500 | ||
|---|---|---|---|
| 001 | 3304 | ||
| 003 | FISKH | ||
| 005 | 20240228153848.0 | ||
| 008 | 830517s1931 enk 000 0 eng | ||
| 010 | _a 36037091 | ||
| 020 | _a9780007902156 | ||
| 040 |
_aDLC _cCarP _dDLC |
||
| 043 | _ae-fr--- | ||
| 050 | _aPQ2228 | ||
| 082 | _a843.7 | ||
| 100 | 1 |
_aDumas, Alexandre, _d1802-1870. |
|
| 245 | 1 | 4 |
_aThe three musketeers / _cAlexandre Dumas |
| 260 |
_aLondon, _bHarper Collins, _c2011 |
||
| 300 |
_a830 pages : _c18 cm |
||
| 520 | _aThe Three Musketeers follows the young d'Artagnan in his quest to become a musketeer. He befriends the three musketeers Athos, Porthos and Aramis, whose motto is "all for one, one for all." The novel is the first in Dumas' d'Artagnan Romances trilogy. | ||
| 651 | 0 |
_aFrance _xHistory _yLouis XIII, 1610-1643 _vFiction. |
|
| 906 |
_a0 _bcbc _cpremunv _du _encip _f19 _gy-gencatlg |
||
| 942 |
_2ddc _cBK _n0 |
||
| 999 |
_c3304 _d3304 |
||